[Event "EU-ch Blitz"]
[Site "Zagreb"]
[Date "2023.12.16"]
[Round "13"]
[White "Deac, Bogdan Daniel"]
[Black "Rogic, Davor"]
[Result "1-0"]
[WhiteElo "2690"]
[BlackElo "2431"]
[PlyCount "71"]
[EventDate "2023.12.16"]
[EventType "swiss (blitz)"]
[EventRounds "13"]
[EventCountry "CRO"]
[SourceTitle "CB51_2023"]
[SourceDate "2023.12.20"]
[SourceVersion "1"]
[SourceVersionDate "2023.12.20"]
[SourceQuality "1"]

1. Nf3 d5 2. e3 Nf6 3. c4 e6 4. Nc3 b6 5. cxd5 exd5 6. g3 Bb7 7. Bg2 a6 8. 0-0 Bd6 9. b3 0-0 10. Bb2 Nbd7 11. Rc1 Qe7 12. Ne2 Ba3 13. Bxa3 Qxa3 14. Rxc7 Rab8 15. Rc2 a5 16. Qc1 Qd6 17. Nf4 Rbc8 18. Nd4 Ba6 19. Rd1 Nc5 20. h4 a4 21. b4 Nce4 22. d3 Rxc2 23. Qxc2 Rc8 24. Qxa4 b5 25. Qb3 Nxf2 26. Kxf2 Ng4+ 27. Kg1 Nxe3 28. Re1 Qb6 29. Rxe3 Qxd4 30. Kf2 Re8 31. Nxd5 Bb7 32. Qc3 Qa7 33. Qc5 Qxa2+ 34. Kg1 Rd8 35. Qe7 Qa8 36. Qxb7 1-0

[Event "EU-ch Rapid"]
[Site "Zagreb"]
[Date "2023.12.15"]
[Round "9"]
[White "Rogic, Davor"]
[Black "Culum, Sanjin"]
[Result "1-0"]
[WhiteElo "2431"]
[BlackElo "2349"]
[PlyCount "75"]
[EventDate "2023.12.14"]
[EventType "swiss (rapid)"]
[EventRounds "11"]
[EventCountry "CRO"]
[SourceTitle "CB51_2023"]
[SourceDate "2023.12.20"]
[SourceVersion "1"]
[SourceVersionDate "2023.12.20"]
[SourceQuality "1"]

1. e4 c5 2. Nf3 d6 3. d4 cxd4 4. Nxd4 Nf6 5. Nc3 a6 6. h3 e5 7. Nf3 b5 8. Bg5 Be7 9. Bxf6 Bxf6 10. a4 bxa4 11. Rxa4 0-0 12. Bc4 Nd7 13. Bd5 Rb8 14. Ra2 Be7 15. 0-0 Nf6 16. Qd3 Nxd5 17. Nxd5 Bb7 18. Rd1 Bxd5 19. Qxd5 Rb5 20. Qd3 Qb6 21. b3 g6 22. Nd2 f5 23. Qe2 d5 24. exd5 Rxd5 25. Nc4 Rxd1+ 26. Qxd1 Qe6 27. Qe2 Bf6 28. Ne3 Ra8 29. c4 e4 30. Nd5 Be5 31. Qe3 Rc8 32. g3 Rb8 33. b4 h5 34. Qa7 Re8 35. Rxa6 Bd6 36. Nc7 Qxc4 37. Nxe8 e3 38. Qg7# 1-0

[Event "EU-ch Rapid"]
[Site "Zagreb"]
[Date "2023.12.14"]
[Round "6"]
[White "Ioannidis, Evgenios"]
[Black "Rogic, Davor"]
[Result "1-0"]
[WhiteElo "2513"]
[BlackElo "2431"]
[PlyCount "49"]
[EventDate "2023.12.14"]
[EventType "swiss (rapid)"]
[EventRounds "11"]
[EventCountry "CRO"]
[SourceTitle "CB51_2023"]
[SourceDate "2023.12.20"]
[SourceVersion "1"]
[SourceVersionDate "2023.12.20"]
[SourceQuality "1"]

1. d4 d5 2. c4 e6 3. Nc3 Nf6 4. cxd5 exd5 5. Bg5 c6 6. e3 Nbd7 7. f4 Be7 8. Bd3 Nb6 9. Nf3 Ng4 10. Qe2 h6 11. Bxe7 Qxe7 12. 0-0 0-0 13. Rae1 Bd7 14. h3 Nf6 15. Ne5 Rfe8 16. g4 Rad8 17. g5 hxg5 18. fxg5 Ne4 19. Bxe4 dxe4 20. Nxe4 Be6 21. Nf6+ gxf6 22. gxf6 Qf8 23. Qh5 Nd5 24. Kh2 Nxf6 25. Rxf6 1-0

[Event "CRO-ch"]
[Site "Zagreb"]
[Date "2023.12.09"]
[Round "6"]
[White "Livaic, Leon"]
[Black "Rogic, Davor"]
[Result "1-0"]
[WhiteElo "2543"]
[BlackElo "2431"]
[PlyCount "105"]
[EventDate "2023.12.05"]
[EventType "tourn"]
[EventRounds "11"]
[EventCountry "CRO"]
[EventCategory "9"]
[SourceTitle "CB51_2023"]
[SourceDate "2023.12.20"]
[SourceVersion "1"]
[SourceVersionDate "2023.12.20"]
[SourceQuality "1"]

1. e4 e5 2. Nf3 Nc6 3. Bb5 a6 4. Ba4 Nf6 5. 0-0 Be7 6. Bxc6 dxc6 7. Re1 Qd6 8. b3 Bg4 9. Bb2 Nd7 10. d3 0-0-0 11. Nbd2 f6 12. Nc4 Qe6 13. Ne3 h5 14. h3 Bxf3 15. Qxf3 g6 16. Bc3 Rhf8 17. a4 c5 18. Rab1 Nb8 19. b4 cxb4 20. Bxb4 Bxb4 21. Rxb4 Nc6 22. Rb2 f5 23. exf5 gxf5 24. Reb1 f4 25. Nc4 e4 26. Qxh5 exd3 27. cxd3 Rxd3 28. Nd2 Rg8 29. Kh1 Rg6 30. Nf3 Rd5 31. Qh4 Rf5 32. Qh8+ Rg8 33. Qh7 b6 34. Rc2 Rc5 35. Rxc5 bxc5 36. Rc1 c4 37. Qc2 Na5 38. Qc3 Qg6 39. Rg1 Qf5 40. Ne5 Nb7 41. Qxc4 Rh8 42. Nf3 Nd6 43. Qxa6+ Kd7 44. Re1 Rh7 45. Ne5+ Ke6 46. Nc4+ Kd7 47. Nxd6 cxd6 48. Qb7+ Kd8 49. Qb8+ Kd7 50. Qe8+ Kc7 51. Rc1+ Kb7 52. Qc6+ Ka7 53. Qxd6 1-0

[Event "Wuerttemberg IMT"]
[Site "Lichtenstein"]
[Date "2023.09.09"]
[Round "8"]
[White "Pap, Gyula"]
[Black "Rogic, Davor"]
[Result "0-1"]
[WhiteElo "2432"]
[BlackElo "2430"]
[PlyCount "130"]
[EventDate "2023.09.02"]
[EventType "tourn"]
[EventRounds "9"]
[EventCountry "GER"]
[EventCategory "6"]
[SourceTitle "EXT 2024"]
[Source "ChessBase"]
[SourceDate "2023.10.10"]
[SourceVersion "1"]
[SourceVersionDate "2023.10.10"]
[SourceQuality "1"]

1. e4 e5 2. Nf3 Nc6 3. Bb5 a6 4. Ba4 Nf6 5. 0-0 Be7 6. d3 b5 7. Bb3 d6 8. a4 Bd7 9. Bd2 b4 10. a5 Rb8 11. Bc4 Qc8 12. Be3 0-0 13. Nbd2 Be6 14. d4 exd4 15. Bxe6 Qxe6 16. Bg5 h6 17. Bh4 d5 18. e5 Ne4 19. Bxe7 Nxe7 20. Qe2 c5 21. Nxe4 dxe4 22. Qxe4 Nc6 23. b3 Rb5 24. Nd2 Nxa5 25. f4 c4 26. bxc4 Nxc4 27. Nxc4 Qxc4 28. Rxa6 Rc5 29. Rb6 Qxc2 30. Qxd4 Rc4 31. Qf2 Rd8 32. Rd6 Qxf2+ 33. Kxf2 Rxf4+ 34. Ke2 Rxd6 35. exd6 Rd4 36. Rb1 Kf8 37. Ke3 Rh4 38. Kd3 Ke8 39. Re1+ Kd7 40. Re7+ Kxd6 41. Rxf7 Rg4 42. g3 Kc5 43. Rf5+ Kb6 44. Kc2 Kc6 45. Re5 g6 46. Ra5 Rg5 47. Ra4 Kc5 48. Kb3 Rg4 49. Ra6 h5 50. Ra5+ Kd6 51. Kc2 Ke6 52. Kd3 h4 53. gxh4 Rxh4 54. Rg5 Kf6 55. Rg2 g5 56. Rf2+ Rf4 57. Ra2 Kf5 58. Ra5+ Kg4 59. h3+ Kh4 60. Rb5 b3 61. Ke3 Rf8 62. Ke2 b2 63. Rb3 Rf5 64. Ke3 Rf1 65. Rxb2 Kxh3 0-1

[Event "Wuerttemberg IMT"]
[Site "Lichtenstein"]
[Date "2023.09.04"]
[Round "3"]
[White "Rogic, Davor"]
[Black "Deuer, Marius"]
[Result "1/2-1/2"]
[WhiteElo "2430"]
[BlackElo "2455"]
[PlyCount "75"]
[EventDate "2023.09.02"]
[EventType "tourn"]
[EventRounds "9"]
[EventCountry "GER"]
[EventCategory "6"]
[SourceTitle "EXT 2024"]
[Source "ChessBase"]
[SourceDate "2023.10.10"]
[SourceVersion "1"]
[SourceVersionDate "2023.10.10"]
[SourceQuality "1"]

1. e4 c6 2. d4 d5 3. e5 Bf5 4. h4 h5 5. Bd3 Bxd3 6. Qxd3 Qa5+ 7. Nd2 e6 8. Ngf3 Qa6 9. c4 Nh6 10. 0-0 Nf5 11. b3 Be7 12. a4 Qa5 13. Rd1 Na6 14. Nf1 Qd8 15. g3 c5 16. Ba3 dxc4 17. Qxc4 Qb6 18. d5 exd5 19. Rxd5 Nc7 20. Rd3 0-0 21. Rad1 Qc6 22. Qf4 g6 23. Ne3 Nxe3 24. Qxe3 Ne6 25. Rd6 Bxd6 26. exd6 Rfd8 27. Ne5 Rxd6 28. Nxc6 Rxd1+ 29. Kg2 bxc6 30. Bxc5 Nxc5 31. Qxc5 Rb8 32. Qxc6 Rb1 33. Qc7 R1xb3 34. Qxa7 R8b4 35. Qa8+ Kg7 36. Qd5 Ra3 37. Qe5+ Kg8 38. Qe8+ 1/2-1/2

[Event "Wuerttemberg IMT"]
[Site "Lichtenstein"]
[Date "2023.09.03"]
[Round "2"]
[White "Kocharin, Timur"]
[Black "Rogic, Davor"]
[Result "1/2-1/2"]
[WhiteElo "2147"]
[BlackElo "2430"]
[PlyCount "77"]
[EventDate "2023.09.02"]
[EventType "tourn"]
[EventRounds "9"]
[EventCountry "GER"]
[EventCategory "6"]
[SourceTitle "EXT 2024"]
[Source "ChessBase"]
[SourceDate "2023.10.10"]
[SourceVersion "1"]
[SourceVersionDate "2023.10.10"]
[SourceQuality "1"]

1. d4 d5 2. c4 e6 3. Nc3 Nf6 4. Bg5 c6 5. cxd5 exd5 6. e3 h6 7. Bh4 Be6 8. Bd3 Nbd7 9. f3 g5 10. Bf2 h5 11. Qc2 h4 12. Nge2 Qc7 13. 0-0-0 0-0-0 14. h3 Nb6 15. Kb1 Kb8 16. e4 Nh5 17. e5 Be7 18. Be3 Rhg8 19. f4 gxf4 20. Nxf4 Nxf4 21. Bxf4 a6 22. Rde1 Rc8 23. Re2 c5 24. dxc5 Qxc5 25. Qd2 Qa5 26. Be3 Bb4 27. Bd4 Na4 28. Rc1 Rg3 29. Rc2 Nc5 30. Re3 Nxd3 31. Qxd3 Rg5 32. Rf3 Rcg8 33. Qf1 R5g6 34. a3 Bc5 35. Ne2 Bxd4 36. Nxd4 Qb6 37. Nxe6 Qxe6 38. Rxf7 Qxe5 39. Rf8+ 1/2-1/2

[Event "Oberliga Baden 2223"]
[Site "Germany"]
[Date "2023.01.15"]
[Round "5.2"]
[White "Rogic, Davor"]
[Black "Sieber, Fiona"]
[Result "0-1"]
[WhiteElo "2458"]
[BlackElo "2280"]
[PlyCount "122"]
[EventDate "2022.09.18"]
[EventType "team-tourn"]
[EventRounds "9"]
[EventCountry "GER"]
[SourceTitle "EXT 2024"]
[Source "ChessBase"]
[SourceDate "2023.10.10"]
[SourceVersion "1"]
[SourceVersionDate "2023.10.10"]
[SourceQuality "1"]
[WhiteTeam "Untergrombach"]
[BlackTeam "Hockenheim"]
[WhiteTeamCountry "GER"]
[BlackTeamCountry "GER"]

1. e4 c5 2. Nf3 e6 3. d4 cxd4 4. Nxd4 Nf6 5. Nc3 Nc6 6. Ndb5 Bc5 7. Nd6+ Ke7 8. Bf4 e5 9. Nf5+ Kf8 10. Bg5 d6 11. Ne3 Be6 12. Bd3 h6 13. Bxf6 Qxf6 14. 0-0 Kg8 15. Ncd5 Qg5 16. c3 Kh7 17. Qe2 Bxe3 18. Nxe3 Ne7 19. Kh1 Rhd8 20. g3 Bh3 21. Rfd1 Be6 22. Rd2 Kg8 23. Bc4 Qg6 24. f3 Bxc4 25. Nxc4 b5 26. Ne3 Rab8 27. Rad1 Qe6 28. Nd5 Nc8 29. a3 Rb7 30. Rd3 Nb6 31. Nxb6 Rxb6 32. Rd5 a6 33. R1d2 Kf8 34. Qd3 Rc6 35. Kg2 f6 36. a4 bxa4 37. Ra5 Qa2 38. Qc2 Qb3 39. Rxa4 Rb8 40. Ra3 Qxc2 41. Rxc2 Rb5 42. Rd2 a5 43. Kf2 Ke7 44. Ke3 Ke6 45. Kd3 Rcb6 46. Ra2 f5 47. Kc2 fxe4 48. fxe4 Rb8 49. Rf2 h5 50. Rf3 d5 51. exd5+ Kxd5 52. Rf7 Ke4 53. Ra7 Rf8 54. Ra4+ Ke3 55. b4 axb4 56. Rxb4 Rxb4 57. cxb4 e4 58. b5 Rb8 59. Ra3+ Ke2 60. Rb3 e3 61. Rb2 Rc8+ 0-1

[Event "Hvar Arsenal op"]
[Site "Hvar"]
[Date "2022.10.11"]
[Round "5"]
[White "Rogic, Davor"]
[Black "Bratosevic, Mladen"]
[Result "1-0"]
[WhiteElo "2452"]
[BlackElo "2106"]
[PlyCount "99"]
[EventDate "2022.10.08"]
[EventType "swiss"]
[EventRounds "9"]
[EventCountry "CRO"]
[SourceTitle "CBM 210 Extra"]
[Source "ChessBase"]
[SourceDate "2022.11.30"]
[SourceVersion "1"]
[SourceVersionDate "2022.11.30"]
[SourceQuality "1"]

1. e4 c6 2. Nc3 d5 3. Nf3 e6 4. d4 Nf6 5. Bd3 dxe4 6. Nxe4 Nbd7 7. Ng3 Bd6 8. 0-0 0-0 9. Re1 Qc7 10. Qe2 b6 11. Ne5 Bb7 12. Nh5 Nxh5 13. Qxh5 g6 14. Qe2 c5 15. Bh6 Rfc8 16. Nxf7 Bxh2+ 17. Kh1 Qc6 18. f3 Bb8 19. Ng5 Nf8 20. Bxf8 Rxf8 21. Qxe6+ Qxe6 22. Nxe6 Bg3 23. Nxf8 Bxe1 24. Rxe1 Kxf8 25. dxc5 bxc5 26. Re5 Rc8 27. Bc4 Rc7 28. Kg1 Bc8 29. Kf2 Kg7 30. Ke3 Kf6 31. Re8 Bf5 32. c3 h5 33. f4 Rd7 34. g3 Rd1 35. Rf8+ Ke7 36. Rf7+ Kd6 37. Rxa7 Rg1 38. Kf3 Rb1 39. Rb7 Bd7 40. Ke3 Rg1 41. Rb6+ Bc6 42. Bb5 Rxg3+ 43. Kf2 Rg2+ 44. Kf1 Rxb2 45. Rxc6+ Kd5 46. c4+ Ke4 47. Rxg6 Kxf4 48. a4 Rb1+ 49. Kg2 Rb2+ 50. Kh3 1-0

[Event "Hvar Arsenal blitz op"]
[Site "Hvar"]
[Date "2022.10.11"]
[Round "6"]
[White "Zenelaj, Samuel"]
[Black "Rogic, Davor"]
[Result "1/2-1/2"]
[WhiteElo "2202"]
[BlackElo "2418"]
[PlyCount "78"]
[EventDate "2022.10.11"]
[EventType "swiss (blitz)"]
[EventRounds "11"]
[EventCountry "CRO"]
[SourceTitle "CBM 210 Extra"]
[Source "ChessBase"]
[SourceDate "2022.11.30"]
[SourceVersion "1"]
[SourceVersionDate "2022.11.30"]
[SourceQuality "1"]

1. e4 e5 2. Nf3 Nc6 3. Bb5 a6 4. Ba4 Nf6 5. d3 b5 6. Bb3 Be7 7. a3 d6 8. h3 Na5 9. Ba2 c5 10. 0-0 h6 11. Nc3 c4 12. b4 cxb3 13. cxb3 b4 14. axb4 Nc6 15. b5 axb5 16. b4 Bb7 17. Rb1 0-0 18. Qd2 Qb6 19. Nd5 Nxd5 20. Bxd5 Nd8 21. Bb3 Ne6 22. Qe3 Nd4 23. Nxd4 exd4 24. Qg3 Kh7 25. Bb2 d5 26. exd5 Bxb4 27. Qe5 Bc5 28. Rfe1 Rad8 29. Re4 Rd6 30. Bxd4 Bxd4 31. Qxd4 Qd8 32. Rg4 f6 33. Qb4 Qd7 34. Rc1 Rd8 35. Rc5 Bxd5 36. Qxb5 Bxb3 37. Qxb3 Rxd3 38. Qc2 Kh8 39. Rc7 Qd6 1/2-1/2